| 000 | 01734nam a22002177a 4500 | ||
|---|---|---|---|
| 005 | 20211119124025.0 | ||
| 008 | 211119b ||||| |||| 00| 0 eng d | ||
| 020 | _a9788183225090 | ||
| 040 | _cAL | ||
| 041 | _aeng | ||
| 082 |
_223 _a153.8 _bMURB |
||
| 100 |
_aJoseph Murphy _910670 |
||
| 245 | _aBelieve in Yourself | ||
| 260 |
_aNew Delhi _bManjul Publishing House _c2021 |
||
| 300 |
_a73 p. _bPB _c18x12 cm. |
||
| 365 |
_a3482 _b₹100.00 _c₹ _d₹125.00 _e20% _f16-11-2021 |
||
| 520 | _aBelieve in Yourself Book Information: Yourself, Dr. Murphy stresses about having faith in ones abilities, believing in the inner self and in having the courage to chase your dream, come what may. The book was first published in 1955 but remains as popular as it was then.Being a preacher, with decades of experience behind him, Dr Murphy delves into lives of people to demonstrate the all encompassing power of self. By citing interesting episodes from the lives of artists, writers, entrepreneurs and ordinary people, who achieved acclaim and success, the author goes on to emphasize that one thread that runs through was a strong belief in oneself.The book has proved highly motivational and has enabled many readers to overcome low self esteem and achieve their objectives in life. The author points out various ways by which one can overcome defeat, hardships and keep on the righteous track to succeed by using only fair means.People who are low in confidence, need a direction in life or a guiding light to keep them motivated makes this subjective compulsion a key to success for any individual says the author. | ||
| 650 |
_aHealth, Family and Personal Development _910671 |
||
| 700 |
_aMURPHY (Joseph) _910672 |
||
| 942 |
_2ddc _cBK |
||
| 999 |
_c220697 _d220697 |
||